Normal view
MARC view
Entry Nombre personal
001 - NÚMERO DE CONTROL
- campo de control: 30057
003 - IDENTIFICADOR DEL NÚMERO DE CONTROL
- campo de control: FranzMayer
005 - FECHA Y HORA DE LA ÚLTIMA TRANSACCIÓN
- campo de control: 20250924135054.0
008 - DATOS DE LONGITUD FIJA
- campo de control de longitud fija: 250924|| aca||aabn | a|a d
040 ## - FUENTE DE LA CATALOGACIÓN
- Centro catalogador/agencia de origen: FranzMayer
- Centro/agencia transcriptor: FranzMayer
100 ## - ENCABEZAMIENTO-NOMBRE DE PERSONA
- Nombre de persona: Janssonius, Johannes,
- Fechas asociadas al nombre: 1588-1664
670 ## - FUENTE DE DATOS ENCONTRADOS
- Cita de la fuente: Work cat.: (FranzMayer)11092: Janssonius, Johannes, 1588-1664 autor editor, Atlantis majoris quinta pars, orbem maritimum, seu Omnium Marium Orbis Terrarum Navigationibus hodierno temporum frequentatorum descriptionem accuratissimam continens / , 1657